000
00293nam a2200121Ia 4500
008
240624s9999 xx 000 0 und d
041
_a
eng
082
_a
519.5 CHA
100
_a
CHAKRAVORTI S R
245
_a
BASIC STATISTICS
260
_c
1918
_a
New Delhi
_b
South Asia Publishers
300
_a
2711
999
_c
5169
_d
5169